Storm kissed #6: a novel of the Nightkeepers / ... Read More
Available copies
- 2 of 2 copies available at LARL/NWRL Consortium. (Show)
- 2 of 2 copies available at Lake Agassiz Regional Library.
Current holds
0 current holds with 2 total copies.
Show Only Available Copies
| Location | Call Number / Copy Notes | Barcode | Shelving Location | Status | Due Date |
|---|---|---|---|---|---|
| Crookston Public Library | AND (Text) | 33500010656551 | Main | Available | - |
| Moorhead Public Library | AND (Text) | 33500010656544 | Main | Available | - |
Record details
- ISBN: 9780451233752 (pbk.)
- ISBN: 0451233751 (pbk.)
- Physical Description: 468 p. ; 17 cm.
- Publisher: New York : Signet Eclipse, 2011.
Content descriptions
| Summary, etc.: | As he works with the Nightkeepers to master Triad ... Read More |
Search for related items by subject
| Subject: | Demonology > Fiction. Mayas > Antiquities > Fiction. Bounty hunters > Fiction. |
| Genre: | Romantic suspense fiction. Fantasy fiction. |
Search for related items by series
| LDR | 01484cam a2200361Ia 4500 | ||
|---|---|---|---|
| 001 | 138585 | ||
| 003 | LARL_NWRL_CONSORTIUM | ||
| 005 | 20120111123846.0 | ||
| 008 | 101104s2011 nyu 000 1 eng d | ||
| 020 | . | ‡a9780451233752 (pbk.) | |
| 020 | . | ‡a0451233751 (pbk.) | |
| 035 | . | ‡a(OCoLC)679930170 | |
| 092 | . | ‡a813.6 | |
| 100 | 1 | . | ‡aAndersen, Jessica S., ‡d1973- ‡0(LARL_NWRL_CONSORTIUM)133192 |
| 245 | 1 | 0. | ‡aStorm kissed ‡n#6: ‡ba novel of the Nightkeepers / ‡cJessica Andersen. |
| 260 | . | ‡aNew York : ‡bSignet Eclipse, ‡c2011. | |
| 300 | . | ‡a468 p. ; ‡c17 cm. | |
| 490 | 0 | . | ‡aFinal prophecy ; ‡v#6 |
| 520 | . | ‡aAs he works with the Nightkeepers to master Triad magic, former gangbanger Dez discovers that there are still sparks between him and his former lover, Reese Montana, as they work together to expose a traitor in their midst. | |
| 650 | 0. | ‡aDemonology ‡vFiction. ‡0(LARL_NWRL_CONSORTIUM)168972 | |
| 650 | 0. | ‡aMayas ‡xAntiquities ‡vFiction. | |
| 650 | 0. | ‡aBounty hunters ‡vFiction. ‡0(LARL_NWRL_CONSORTIUM)163748 | |
| 655 | 7. | ‡aRomantic suspense fiction. ‡2gsafd | |
| 655 | 7. | ‡aFantasy fiction. ‡2gsafd | |
| 901 | . | ‡a138585 ‡bOCLC ‡c138585 ‡tbiblio | |

Add to basket
Permalink
Disable Highlighting